| 000 | 01319cam a2200361 i 4500 | ||
|---|---|---|---|
| 999 |
_c16700 _d16700 |
||
| 001 | 3225862 | ||
| 003 | EG-ScBUE | ||
| 005 | 20210509085422.0 | ||
| 008 | 801126s1988 nyua f b 001 0 eng d | ||
| 020 | _a0385152132 (pbk.) : | ||
| 020 | _a9780385152136 | ||
| 040 |
_aDLC _beng _erda _cDLC _dDLC _dEG-ScBUE |
||
| 082 | 0 | 4 |
_a821.7 _bBLA _222 |
| 100 | 1 |
_aBlake, William, _d1757-1827, _eauthor. _929781 |
|
| 240 | 1 | 0 | _aWorks |
| 245 | 1 | 4 |
_aThe Complete poetry and prose of William Blake / _cedited by David V. Erdman ; commentary by Harold Bloom. |
| 250 | _aNewly revised edition. | ||
| 264 | 1 |
_aNew York : _bAnchor Books, a Division of Random House, Inc., _c1988. |
|
| 300 |
_axxvi, 990 pages : _billustrations ; _c23 cm |
||
| 336 |
_2rdacontent _atext _btxt |
||
| 337 |
_2rdamedia _aunmediated _bn |
||
| 338 |
_2rdacarrier _avolume _bnc |
||
| 500 | _aFirst published in 1965 under title: Poetry and prose of William Blake. | ||
| 504 | _aIncludes bibliographical references and index. | ||
| 650 | 7 |
_929775 _aIllegitimate children _vFiction. _2BUEsh |
|
| 650 | 7 |
_929776 _aInheritance and succession _vFiction. _2BUEsh |
|
| 651 | _2BUEsh | ||
| 653 |
_cMay2012 _bHHUUEENN |
||
| 655 |
_vReading book _934232 |
||
| 700 | 1 |
_aErdman, David V., _eeditor. _929782 |
|
| 700 | 1 |
_aBloom, Harold, _eeditor. _929783 |
|
| 942 |
_2ddc _cBB |
||